000 00959cam a2200241 i 4500
003 SA-RiAUC
005 20250610100542.0
008 250604s1985 su g 000 0 ara c
040 _aSA-JeALM
_bara
_cSA-RiAUC
_erda
082 0 4 _a330.121
090 _a330.121
_b ع ف ر
100 1 _aعفر، محمد عبد المنعم
_eمؤلف.
245 1 2 _aالاقتصاد الإسلامي :
_bالنظام والسكان والرفاة والزكاة /
_cتأليف محمد عبد المنعم عفر.
264 1 _aجدة، السعودية :
_bدار البيان العربي،
_c1985
300 _a4 مجلد؛
_c24 سم.
336 _aنص
_btxt
_2rdacontent
_3كتاب
337 _aبدون وسيط
_bn
_2rdamedia
338 _aمجلد
_bnc
_2rdacarrier
650 7 _aالاقتصاد الإسلامي
_2aucsh
650 7 _aالنظام المالي في الإسلام
_2aucsh
942 _2ddc
_cBOOK
_n0
949 _aSA-JeALM
_d250604
_umohamedma123
_n1
999 _c8784
_d8784